| 000 | 00631nam a2200169Ia 4500 | ||
|---|---|---|---|
| 003 | GCL | ||
| 008 | 140319s9999 xx 000 0 ara d | ||
| 040 |
_aGCL / _cGCL |
||
| 082 | 0 | 4 |
_aد _b050 _bد هـ |
| 245 | 1 | 0 | _aزواج الحكومة والمعارضة بين الخصوبة والعقم السياسى ( الهلال ابريل 1982 ) |
| 260 |
_aالقاهرة : _bدار الهلال للطباعة والنشر ، _c1982 |
||
| 650 | 0 | 4 | _aالادب العربى |
| 650 | 0 | 4 | _aالسياسة |
| 650 | 0 | 4 | _aالحياة الزوجية |
| 650 | 0 | 4 | _aمصر - العلاقات الخارجية - فلسطين |
| 942 |
_2ddc _cCR |
||
| 999 |
_c6689 _d6689 |
||